Lịch sử Việt nam (từ thế kỷ X-1858) : Giáo trình đào tạo giáo viên Trung học cơ sở hệ Cao đẳng sư phạm /
Kaydedildi:
| Yazar: | |
|---|---|
| Diğer Yazarlar: | , |
| Materyal Türü: | Sách giấy |
| Dil: | Vietnamese |
| Baskı/Yayın Bilgisi: |
Hà Nội :
Giáo dục ,
1998
|
| Etiketler: |
Etiketle
Etiket eklenmemiş, İlk siz ekleyin!
|
| Thư viện lưu trữ: | Thư viện Trường Đại học Đà Lạt |
|---|
| LEADER | 00822nam a2200277 4500 | ||
|---|---|---|---|
| 001 | DLU020013416 | ||
| 005 | ##6/13/2000 | ||
| 020 | # | # | |a 978- |
| 041 | # | # | |a vie |
| 082 | # | # | |a 959.703 |b TR-Q |
| 090 | # | # | |a 959.703 |b TR-Q |
| 100 | # | # | |a Trương Hữu Quýnh |
| 245 | # | # | |a Lịch sử Việt nam (từ thế kỷ X-1858) : |b Giáo trình đào tạo giáo viên Trung học cơ sở hệ Cao đẳng sư phạm / |c Trương Hữu Quýnh, Trương Hữu Quýnh, Bùi Quý Lộ, Đào Tố Uyên |
| 260 | # | # | |a Hà Nội : |b Giáo dục , |c 1998 |
| 300 | # | # | |a 115 tr.; |c 24 cm. |
| 700 | # | # | |a Đào Tố Uyên |
| 700 | # | # | |a Bùi Quý Lộ |
| 992 | # | # | |a 6200 |
| 994 | # | # | |a DLU |
| 900 | # | # | |a False |
| 911 | # | # | |a Administrator |
| 925 | # | # | |a G |
| 926 | # | # | |a A |
| 927 | # | # | |a SH |
| 980 | # | # | |a Thư viện Trường Đại học Đà Lạt |